| 000 | nam a22 7a 4500 | ||
|---|---|---|---|
| 999 |
_c127110 _d127110 |
||
| 008 | 171012b xxu||||| |||| 00| 0 eng d | ||
| 050 | _aL BR145.2.A3 1999 | ||
| 245 |
_aAD:2000 years of christianity _cEdited by Christopher Howse |
||
| 260 |
_aLondon _bSociety for Promoting Christian Knowledge _c1999 |
||
| 300 |
_a192p. ; _c30cm. |
||
| 650 |
_aChurch History _937072 |
||
| 942 |
_2lcc _cMONOGRAPH |
||